Programmed genetic instability : a tumor-permissive mechanism for maintaining the evolvability of higher species through methylation-dependent mutation of dna repair genes in the male germ line /
Wedi'i Gadw mewn:
| Prif Awdur: | |
|---|---|
| Awduron Eraill: | |
| Fformat: | Erthygl |
| Iaith: | English |
| Pynciau: | |
| Tagiau: |
Ychwanegu Tag
Dim Tagiau, Byddwch y cyntaf i dagio'r cofnod hwn!
|
| Thư viện lưu trữ: | Thư viện Trường Đại học Đà Lạt |
|---|
| LEADER | 01000nam a2200289 4500 | ||
|---|---|---|---|
| 001 | DLU090067510 | ||
| 005 | ##20090420 | ||
| 040 | # | # | |a DLU |b eng |
| 041 | # | # | |a eng |
| 044 | # | # | |a UK |
| 100 | # | # | |a Zhao, Yongzhong. |
| 245 | # | # | |a Programmed genetic instability : a tumor-permissive mechanism for maintaining the evolvability of higher species through methylation-dependent mutation of dna repair genes in the male germ line / |c Yongzhong Zhao, Richard J. Epstein. |
| 653 | # | # | |a Adaptive evolution |
| 653 | # | # | |a Carcinogenesis |
| 653 | # | # | |a DNA repair |
| 653 | # | # | |a Molecular evolution |
| 700 | # | # | |a Epstein, Richard J. |
| 773 | # | # | |t Molecular Biology and Evolution |g Vol. 25, no. 8 (August 2008), p. 1737-1749 |
| 920 | # | # | |a Phòng Tạp chí -- Trung tâm Thông tin - Thư viện Trường Đại học Đà Lạt |
| 994 | # | # | |a DLU |
| 900 | # | # | |a True |
| 911 | # | # | |a Trương Bảo Trâm Anh |
| 925 | # | # | |a G |
| 926 | # | # | |a A |
| 927 | # | # | |a BB |
| 980 | # | # | |a Thư viện Trường Đại học Đà Lạt |